[Event "Odysseus Autumn"]
[Site "Soborg"]
[Date "2004.09.30"]
[Round "4"]
[White "Hjortshoj, Mikkel"]
[Black "Lund Kristensen, Bo"]
[Result "1/2-1/2"]
[WhiteElo "1998"]
[BlackElo "1892"]
[PlyCount "48"]
[EventDate "2004.09.02"]
[EventType "tourn"]
[EventRounds "5"]
[EventCountry "DEN"]
[SourceTitle "EXT 2023"]
[Source "ChessBase"]
[SourceDate "2022.10.05"]
[SourceVersion "1"]
[SourceVersionDate "2022.10.05"]
[SourceQuality "1"]

1. e4 e5 2. Nf3 Nc6 3. Bb5 f5 4. Nc3 Nf6 5. Qe2 Nd4 6. Nxd4 exd4 7. e5 Ng4 8. h3 Nxf2 9. Qxf2 dxc3 10. 0-0 c6 11. Bc4 Qb6 12. bxc3 Qxf2+ 13. Rxf2 d6 14. exd6 Bxd6 15. d4 Kd8 16. Bg5+ Kc7 17. Re1 Bd7 18. Rfe2 Rae8 19. Kf2 Rxe2+ 20. Rxe2 h6 21. Bc1 g5 22. Bf7 Rf8 23. Be6 Rf6 24. Bc4 Rf8 1/2-1/2